| 000 | 00403nam a22001457a 4500 | ||
|---|---|---|---|
| 003 | MACL | ||
| 005 | 20200318122900.0 | ||
| 008 | 200318b xxu||||| |||| 00| 0 eng d | ||
| 040 | _cMACL | ||
| 100 |
_aTakshshila _969855 |
||
| 245 | _aMPPSC Statee Service Main Exam Unsolved Papers With Syllabus 2014-2018 | ||
| 260 |
_aIndore _bTakshshila _c2020 |
||
| 650 |
_aGeneral Knolwldge _978685 |
||
| 942 |
_2ddc _cBK |
||
| 999 |
_c62434 _d62434 |
||